书目信息 |
| 题名: |
白牯牛潭
|
|
| 作者: | 崔世雄, 著 | |
| 分册: | 第一部 | |
| 出版信息: | 天津 天津人民出版社 2020.06 |
|
| 页数: | 248页 | |
| 开本: | 21cm | |
| 丛书名: | ||
| 单 册: | ||
| 中图分类: | I247.57 | |
| 科图分类: | ||
| 主题词: | 长篇小说--chang pian xiao shuo--中国--当代 | |
| 电子资源: | ||
| ISBN: | 978-7-201-15993-5 | |
| 000 | 01054nam0 2200241 450 | |
| 001 | 202020141193 | |
| 005 | 20200926181358.0 | |
| 010 | @a978-7-201-15993-5@dCNY46.00 | |
| 100 | @a20200919d2020 em y0chiy50 ea | |
| 101 | 0 | @achi |
| 102 | @aCN@b120000 | |
| 105 | @ay z 000ay | |
| 106 | @ar | |
| 200 | 1 | @a白牯牛潭@Abai gu niu tan@h第一部@f崔世雄著 |
| 210 | @a天津@c天津人民出版社@d2020.06 | |
| 215 | @a248页@d21cm | |
| 314 | @a崔世雄, 2000年国防大学基本系毕业。 | |
| 330 | @a本书是一部长篇小说。故事围绕洪湖岸边窦、曾两大姓人家展开, 反映了一座偏僻乡村三十年的历史变迁。第一部讲述了洪湖地区解放前后发生在窦、曾两家的事情, 翻身的农民看到了未来的新生活 ; 第二部讲述了翻身后的窦曾台人投入火热的新生活, 但是也发生了一系列意想不到的事情影响了窦家兄弟间的团结 ; 第三部讲述了20世纪60年代, 窦曾台人不理会外界的动荡, 埋头搞建设而引发了诸多“麻烦”。 | |
| 606 | 0 | @a长篇小说@Achang pian xiao shuo@y中国@z当代 |
| 690 | @aI247.57@v5 | |
| 701 | 0 | @a崔世雄,@Acui shi xiong@f1951-@4著 |
| 801 | 0 | @aCN@c20200707 |
| 905 | @a河南城建学院图书馆@dI247.57@eC974:1 | |
| 白牯牛潭.第一部/崔世雄著.-天津:天津人民出版社,2020.06 |
| 248页;21cm |
| ISBN 978-7-201-15993-5:CNY46.00 |
| 本书是一部长篇小说。故事围绕洪湖岸边窦、曾两大姓人家展开, 反映了一座偏僻乡村三十年的历史变迁。第一部讲述了洪湖地区解放前后发生在窦、曾两家的事情, 翻身的农民看到了未来的新生活 ; 第二部讲述了翻身后的窦曾台人投入火热的新生活, 但是也发生了一系列意想不到的事情影响了窦家兄弟间的团结 ; 第三部讲述了20世纪60年代, 窦曾台人不理会外界的动荡, 埋头搞建设而引发了诸多“麻烦”。 |
| ● |
| 相关链接 |
|
|
|
正题名:白牯牛潭
索取号:I247.57/C974:1
 
预约/预借
| 序号 | 登录号 | 条形码 | 馆藏地/架位号 | 状态 | 备注 |
| 1 | 1491331 | 214913316 | 文学库108/108文学库 47排4列1层/ [索取号:I247.57/C974:1] | 在馆 |